La ira y el perdón : resentimiento, generosidad, justicia. /
Guardado en:
| Autor Principal: | |
|---|---|
| Otros Autores: | |
| Formato: | Libro |
| Idioma: | Undetermined |
| Publicado: |
México :
Fondo de Cultura Económica,
2018.
|
| Edición: | 1a. ed. |
| Series: | Filosofía
|
| Materias: | |
| Etiquetas: |
Agregar Etiqueta
Sin Etiquetas, Sea el primero en etiquetar este registro!
|
| LEADER | 00691nam a22001935a 4500 | ||
|---|---|---|---|
| 001 | DER.der015442 | ||
| 008 | 251105s2018####mx############000#0#und#d | ||
| 005 | 20251105190211.0 | ||
| 245 | 1 | 0 | |a La ira y el perdón : |b resentimiento, generosidad, justicia. / |c Martha C. Nussbaum ; traducido por Víctor Altamirano. |
| 250 | |a 1a. ed. | ||
| 260 | |a México : |b Fondo de Cultura Económica, |c 2018. | ||
| 300 | |a 431 p. | ||
| 490 | 1 | |a Filosofía | |
| 500 | |a Curso John Locke de Filosofía. Universidad de Oxfod, primavera de 2014. | ||
| 020 | |a 9786071655738 | ||
| 100 | 1 | |a Nussbaum, Martha C. | |
| 700 | 1 | |a Altamirano, Víctor, |e trad. | |
| 650 | 7 | |a FILOSOFÍA | |
| 859 | |a DERECHO |b BIB. DERECHO |h 179.9 |i NUS |p 0010727 | ||
